Taşocakçılığı nizannamesi kapsamında; kum, kil ve taşocakları envanteri (Record no. 5741)

MARC details
000 -BAŞLIK
Sabit Uzunlukta Kontrol Alanı 01090na a2200277 4500
001 - KONTROL NUMARASI
Denetim Alanı 15841
003 - KONTROL NUMARASI IDENTIFIER
Denetim Alanı MIRAKIL
005 - SON İŞLEM TARİHİ VE ZAMANI
Denetim Alanı 20181213155045.0
008 - SABİT-BOY VERİ ELEMANLARI - GENEL BİLGİLER
Sabit Uzunlukta Kontrol Alanı 160924b tu 000 0
020 ## - ULUSLARARASI STANDART KİTAP NUMARASI
Uluslararası Standart Kitap Numarası 9751926629
022 ## - ULUSLARARASI STANDART SERİ NUMARASI
Uluslararası Standart Süreli Yayın Numarası 13009273
035 ## - SİSTEM KONTROL NUMARASI
Sistem Kontrol Numarası 15841
040 ## - KATALOGLAMA KAYNAK
Orijinal Kataloglama Ajansı Milas
Kataloglama Dili tur
Metne Dönüştürmek Ajansı TR-AnCHP
041 ## - DİL KODU
Metin / Ses Parça Veya Ayrı Başlığın Dil Kodu tur
-- eng
082 ## - DEWEY ONLU SINIFLANDIRMA NUMARASI
Sınıflandırma Numarası 622.3021 1997
Ürün Numarası T95t 2001
090 ## - SINIFLAMA NUMARASI
Sınıflama Numarası 622.3021 1997 T95t 2001
110 ## - ANA GİRİŞ - KURUMSAL ADI
Giriş Elemanı Olarak Kurumsal Ad Veya Yargı Alanı Adı Türkiye İstatistik Kurumu (TÜİK)
245 ## - BAŞLIK TABLOSU
Başlık Taşocakçılığı nizannamesi kapsamında; kum, kil ve taşocakları envanteri
Başlığın Kalan 1997 = Inventory of sand, clay and quarries by quarrying regulations
Sorumluluk Tablosu, Vb Devlet İstatistik Enstitüsü (DİE)
246 ## - UNVAN FORM VARYING
Başlık Doğru / Kısa Başlığı 1997 inventory of sand, clay and quarries by quarrying regulations
260 ## - YAYIN, DAĞITIM, VB
Yayın, Dağıtım, Vb Yeri Ankara
Yayıncı, Dağıtıcı, Vs Adı Devlet İstatistik Enstitüsü (DİE)
Yayın, Dağıtım, Vb Tarihi 2001
300 ## - FİZİKSEL TANIM
Kapsam xx. 166 s.
Diğer Fiziksel Ayrıntıları tbl. , ktl. hrt.
Boyutlar 30 sm.
490 ## - SERİSİ TABLOSU
Seri Beyanı Devlet İstatistik Enstitüsü
Hacim / Ardışık Tanımı 2416
650 ## - KONU KATMA GİRİŞ - TOPİKAL DÖNEM
Topikal Süreli Veya Coğrafi Ad Giriş Elemanı Madencilik
Form Alt Bölümü Süreli yayınlar
Genel Alt Bölümü İstatistikler
Kronolojik Alt Bölümü 1997
Coğrafi Alt Bölümü Türkiye
650 ## - KONU KATMA GİRİŞ - TOPİKAL DÖNEM
Topikal Süreli Veya Coğrafi Ad Giriş Elemanı Taşocakları
Form Alt Bölümü Süreli yayınlar
Genel Alt Bölümü İstatistikler
Kronolojik Alt Bölümü 1997
Coğrafi Alt Bölümü Türkiye
942 ## - EKLENDİ GİRİŞ ELEMANLARI (KOHA)
Sınıflandırma Veya Raf Düzeni Kaynak Dewey Decimal Classification
Koha Öğesi Türü Books
999 ## - SİSTEM KONTROL NUMARALARI (KOHA)
Koha Biblionumber 5741
Koha Biblioitemnumber 5741
Holdings
Kalıcı Konum Mevcut Konum Edinme Tarihi Edinim Kaynak Toplam Check-Out'Lar Tam Çağrı Numarası Barkod Tarih Son Görülme İtibaren Geçerli Fiyatlar Koha Öğesi Türü
CHP Kütüphanesi CHP Kütüphanesi 09/24/2016 Bağış   622.3021 1997 T95t 2001 004177 09/24/2016 09/24/2016 Books